000 01397nam a2200253Ia 4500
003 Ost
005 20260507075003.0
008 260507s9999||||xx |||||||||||||| ||und||
020 _a9789957243166
040 _cfsecg
041 _aara
082 _a301.36
100 _aمحجوب، عادل عبد الغني
_eمؤلف
245 0 _aالاقتصاد الحضري :
_bنظرية وسياسة /
_c عادل عبد الغني محجوب
260 _aعمان:
_bدار صفاء للنشر والتوزيع,
_c2008
300 _a311 صفحة؛
_c24 سم
504 _aمراجع ص.28-53-54-111-139-162-186-243-274-303-قائمة المصطلحات ص.305-311
520 _aفي هذا الكتاب : المقدمة ، اقتصاديات التركيز الجغرافي ، الموقع ضمن المنطقة الحضرية واستعمالات الأرض ، سوق العمل الحضري ، الاقتصاد الحضري الحركي ، نظرية حجم المدينة وفضاءاتها ، البيئة الحضرية مشكلة النقل الحضري ، الاسكان الحضري ، اقتصاد القطاع العام الحضري ، التخطيط الحضري .
653 _aالإقتصاد
653 _aالتخطيط الإقتصادي
653 _aالتنمية الحضرية
700 _aخروفة، سهام صديق
_eمؤلف ثانوي
942 _cكتاب
999 _c42089
_d42089